00808nam a2200241Ia 450000100060000000300090000600800410001504000130005604000130006904100130008210000190009510000290011424500490014324500320019225000110022426000110023526000230024626000490026930000580031850001350037665000240051165000310053513667IT-RoPAU130308s9999 xx 000 0 und d aIT-RoPAU cIT-RoPAU aITALIANO aSerraf Jacques gCodice Aut. SPICS: 1340 aSituazione delle ricerche motivazionali (La) bRicerche motivazionali (Le) a1a ed. aMILANO bEtas Libri/Kompass c1967 [1° Ed.:1967 - Ed.Ling.Originale:1967] a"27 p. (prefazione: no ; testo: 27 [pagine: 81-107])" aDefinizione di motivazione condotta Campo Psicologico livelli della Personalità€ nozione di Situazione Situazione dei Ricercatori aSAGGI SUL MARKETING eCodice materia Spics: 6461